Chester Bennington Quiz - Statistics

General Stats
  • This quiz has been taken 70 times
  • The average score is 11 of 15
Answer Stats
Question Answer % Correct
When did he die? 2017
100%
What was the name of Linkin Park's debut album? Hybrid Theory
100%
The reason for his death was Suicide
100%
In which song did Chester have the biggest scream? Given up
96%
What was the last album he recorded? One more light
96%
What was the name of the band that Chester co-founded? Dead by Sunrise
92%
Which Band Out Of The Following Was He The Lead Vocalist In? (the one he's most well known for.) Linkin Park
92%
Chester Bennington is from Phoenix, Arizona
88%
Chester Bennington was born in 1976
80%
Chester Bennington's single with Linkin Park "Numb" was certified Platinum in 2003
68%
Which fast food franchise did he use to work for before starting his professional music career? Burger King
64%
How many Grammys did he win? 2
44%
When did Chester join Stone Temple Pilots? 2013
44%
When did he marry Samantha Marie Olit? 1996
32%
Since the death of Chester, Linkin Park has not release any new album. True
20%
No matching quizzes found
Score Distribution
Percent of People with Each Score
Percentile by Number Answered
Your Score History
You have not taken this quiz